Пропуск в контексте

Основы делопроизводства учебное наглядное пособие

Даны иллюстративные материалы в помощь к изучению дисциплины, практические задания, способствующие развитию навыков работы с управленческими документами и лучшему усвоению изучаемого курса. Все иллюстративные материалы: образцы бланков, образцы основных видов управленческих документов, представленны...

Fuld beskrivelse

Сохранить в:
Bibliografiske detaljer
Hovedforfatter: Демидова Н. И.
Format: Книга
Sprog:Russian
Udgivet: Пермь ПНИПУ 2016
Online adgang:https://e.lanbook.com/book/161071
https://e.lanbook.com/img/cover/book/161071.jpg
Tags: Tilføj Tag
Ingen Tags, Vær først til at tagge denne postø!
LEADER 02141nam0a2200265 i 4500
001 161071
003 RuSpLAN
005 20221220174112.0
008 221220s2016 ru gs 000 0 rus
020 |a 978-5-398-01674-1 
040 |a RuSpLAN 
041 0 |a rus 
044 |a ru 
080 |a 651.4 
245 0 0 |a Основы делопроизводства  |b учебное наглядное пособие  |c Демидова Н. И. 
260 |a Пермь  |b ПНИПУ  |c 2016 
300 |a 46 с. 
500 |a Утверждено Редакционно-издательским советом университета 
504 |a Библиогр.: доступна в карточке книги, на сайте ЭБС Лань 
520 8 |a Даны иллюстративные материалы в помощь к изучению дисциплины, практические задания, способствующие развитию навыков работы с управленческими документами и лучшему усвоению изучаемого курса. Все иллюстративные материалы: образцы бланков, образцы основных видов управленческих документов, представленные в пособии, соответствуют требованиям действующей законодательной и нормативно-методической базы в области делопроизводства. Предназначено для студентов бакалавриата по направлению «Менеджмент», «Государственное и муниципальное управление», «Управление человеческими ресурсами». 
521 8 |a Книга из коллекции ПНИПУ - Экономика и менеджмент 
100 1 |a Демидова Н. И. 
856 4 |u https://e.lanbook.com/book/161071 
856 4 8 |u https://e.lanbook.com/img/cover/book/161071.jpg 
953 |a https://e.lanbook.com/img/cover/book/161071.jpg